000 00813nam a2200241 a 4500
001 000020124
003 OSt
005 20201002031105.0
008 100722s2001 cu cg 000 0 spa d
020 _a9591006683
040 _aDO-SdBNP
_bspa
_cBNPHU
100 1 _aOrtiz, Fernando,
_d1881-1996
_942727
245 1 3 _aLa africanía de la música folklórica cubana /
_cFernando Ortiz.
260 _aLa Habana :
_bLetras cubanas,
_c2001.
300 _a421 p. :
_bretrs., mús ;
_c23 cm.
504 _aIncluye referencias bibliográficas y notas al pie de las páginas.
504 _aBibliografías p: 403-419
590 _aInventariado, 2020/ YL
650 4 _aMúsica folclórica cubana
_xInfluencias afrícanas
_942728
651 4 _aCuba
_xInfluencias Afrícanas
_942729
910 _aEn proceso
942 _2ddc
_cLF1
999 _c19632
_d19632